[Event "Peter Stuart Memorial Open 2025"]
[Site "Takapuna, Auckland, New Zealan"]
[Date "2025.06.21"]
[Round "3.21"]
[White "Fang, Maximilian"]
[Black "Aidan, Prince"]
[Result "0-1"]
[WhiteElo "1699"]
[BlackElo "1663"]
[WhiteFideId "-1"]
[WhiteFideId "-1"]
[PlyCount "106"]
[GameId "2208054871920704"]
[EventDate "2025.??.??"]

1. e4 e5 2. Nc3 Nf6 3. f4 d6 4. Nf3 Nc6 5. d4 exd4 6. Nxd4 Nxd4 7. Qxd4 Be7 8. Bd2 O-O 9. Be2 b6 10. O-O d5 11. Nxd5 Bc5 12. Nxf6+ Qxf6 13. Qxc5 bxc5 14. Bc3 Qb6 15. Rf3 Ba6 16. Rg3 g6 17. Bf3 Bb7 18. f5 Rfe8 19. Re1 Rad8 20. e5 Bxf3 21. Rxf3 Rd4 22. Bxd4 cxd4 23. Rb3 Qc5 24. e6 Qxf5 25. Rf3 Qxf3 26. gxf3 Rxe6 27. Rd1 Re2 28. Rxd4 Rxc2 29. Rb4 c5 30. Ra4 Rxb2 31. Rxa7 c4 32. Rc7 Rxa2 33. Rxc4 Kg7 34. Rg4 f5 35. Rg3 Kf6 36. Rh3 h5 37. Rh4 Rd2 38. f4 Rd3 39. Kf2 Ke6 40. Kg2 Kd5 41. Rh3 Rxh3 42. Kxh3 Ke4 43. Kg3 h4+ 44. Kxh4 Kxf4 45. h3 g5+ 46. Kh5 g4 47. h4 g3 48. Kh6 g2 49. h5 g1=Q 50. Kh7 Ke5 51. h6 Kf6 52. Kh8 Kf7 53. h7 Qa1# 0-1

[Event "Peter Stuart Memorial Open 2025"]
[Site "Takapuna, Auckland, New Zealan"]
[Date "2025.06.21"]
[Round "3.22"]
[White "Ng, Lok Jim (Lauren)"]
[Black "Powlesland, Brogan"]
[Result "1/2-1/2"]
[WhiteElo "1692"]
[BlackElo "1652"]
[WhiteFideId "-1"]
[WhiteFideId "-1"]
[PlyCount "85"]
[GameId "2208054871928897"]
[EventDate "2025.??.??"]

1. d4 d5 2. c4 c6 3. g3 Nf6 4. Bg2 g6 5. Nf3 Bg7 6. cxd5 cxd5 7. O-O O-O 8. Nc3 Nc6 9. Bf4 Nh5 10. Qd2 Nxf4 11. Qxf4 Be6 12. Rfd1 Qb6 13. Qd2 Rfd8 14. Rac1 Rac8 15. Na4 Qb5 16. Nc5 Bg4 17. a4 Qb6 18. e3 Na5 19. Qe2 e5 20. h3 exd4 21. hxg4 Rxc5 22. Rxc5 Qxc5 23. exd4 Qb4 24. Qe1 Qxe1+ 25. Rxe1 Nc6 26. Rd1 Re8 27. g5 Re4 28. Ne5 Rxd4 29. Rxd4 Nxd4 30. Nd3 Ne6 31. Bxd5 b6 32. f4 Bd4+ 33. Kg2 Nc5 34. Nxc5 Bxc5 35. b3 Kg7 36. Kf3 f6 37. gxf6+ Kxf6 38. g4 h6 39. Ke4 a5 40. Bc4 Bf2 41. Kf3 Bc5 42. Ke4 Bf2 43. Kf3 1/2-1/2

[Event "Peter Stuart Memorial Open 2025"]
[Site "Takapuna, Auckland, New Zealan"]
[Date "2025.06.17"]
[Round "4.1"]
[White "Mao, Daqi"]
[Black "Xie, Felix"]
[Result "1/2-1/2"]
[WhiteElo "2151"]
[BlackElo "2366"]
[WhiteFideId "-1"]
[WhiteFideId "-1"]
[PlyCount "54"]
[GameId "2189708795883520"]
[EventDate "2025.??.??"]

1. d4 Nf6 2. Nf3 c5 3. e3 d5 4. b3 Nc6 5. Bb2 cxd4 6. exd4 Bg4 7. Be2 e6 8. Nbd2 Bd6 9. O-O O-O 10. h3 Bh5 11. Ne5 Bxe2 12. Qxe2 Rc8 13. Ndf3 Qe7 14. a4 Na5 15. Rfc1 b6 16. Nd2 Rfd8 17. Nef3 Bf4 18. g3 Bh6 19. Qd3 Qb7 20. Ne5 Nc6 21. Nxc6 Qxc6 22. f4 g5 23. fxg5 Bxg5 24. c4 Qd6 25. Ba3 dxc4 26. Rxc4 Qd5 27. Nf3 Ne4 1/2-1/2

[Event "Peter Stuart Memorial Open 2025"]
[Site "Takapuna, Auckland, New Zealan"]
[Date "2025.06.21"]
[Round "4.2"]
[White "Ang, Alphaeus Wei Ern"]
[Black "Jin, Yanbo"]
[Result "1/2-1/2"]
[WhiteElo "2377"]
[BlackElo "1973"]
[WhiteFideId "-1"]
[WhiteFideId "-1"]
[PlyCount "86"]
[GameId "2191043167571968"]
[EventDate "2025.??.??"]

1. d4 d5 2. c4 e6 3. Nc3 Nf6 4. cxd5 Nxd5 5. e4 Nxc3 6. bxc3 c5 7. Nf3 cxd4 8. cxd4 Bb4+ 9. Bd2 Bxd2+ 10. Qxd2 O-O 11. Bc4 Nd7 12. O-O Nf6 13. Rfe1 b6 14. Re3 Bb7 15. Qe1 Rc8 16. Bb3 Qe7 17. Rd1 Rfd8 18. h3 h6 19. d5 exd5 20. e5 Ne4 21. Nd4 g6 22. f3 Nc5 23. e6 Re8 24. Bc2 Qf6 25. exf7+ Kxf7 26. h4 h5 27. g3 Rxe3 28. Qxe3 Re8 29. Qh6 Qg7 30. Qxg7+ Kxg7 31. Kf2 Ba6 32. Rd2 Bc4 33. a3 Kf6 34. Nc6 a6 35. f4 Ne4+ 36. Bxe4 Rxe4 37. Ne5 b5 38. Nd7+ Kg7 39. Nc5 Re7 40. Nxa6 Ra7 41. Nb4 Rxa3 42. Nxd5 Ra2 43. Rxa2 Bxa2 1/2-1/2

[Event "Peter Stuart Memorial Open 2025"]
[Site "Takapuna, Auckland, New Zealan"]
[Date "2025.06.21"]
[Round "4.3"]
[White "Yu, Zachary"]
[Black "Tao, Junqing Jerome"]
[Result "1-0"]
[WhiteElo "2035"]
[BlackElo "1784"]
[WhiteFideId "-1"]
[WhiteFideId "-1"]
[PlyCount "125"]
[GameId "2191043167571968"]
[EventDate "2025.??.??"]

1. Nf3 d5 2. g3 Nc6 3. d4 Bf5 4. a3 e6 5. Bg2 Bd6 6. O-O h6 7. c4 Nf6 8. Nc3 a6 9. c5 Be7 10. b4 O-O 11. Bf4 Ne4 12. Rc1 Nxc3 13. Rxc3 Be4 14. Qd2 Bf6 15. Ne5 Bxe5 16. Bxe5 Bxg2 17. Kxg2 Nxe5 18. dxe5 d4 19. Rd3 Qd5+ 20. Kg1 Rad8 21. f4 f6 22. exf6 Rxf6 23. Rd1 e5 24. fxe5 Qxe5 25. e3 Rdf8 26. exd4 Qh5 27. d5 Rf2 28. Qxf2 Rxf2 29. Kxf2 Qxh2+ 30. Kf3 Qh5+ 31. Ke4 Qe2+ 32. Kd4 Qf2+ 33. Kc3 Qa2 34. Kd4 Qf2+ 35. Re3 Qb2+ 36. Ke4 Qg2+ 37. Ke5 Qf2 38. Rdd3 Qf6+ 39. Ke4 g6 40. d6 Qf5+ 41. Kd4 Qf6+ 42. Kc4 b5+ 43. Kb3 cxd6 44. cxd6 Qf7+ 45. Kc2 Qf2+ 46. Kc3 Qf6+ 47. Kd2 Qb2+ 48. Ke1 Qc1+ 49. Kf2 Qc2+ 50. Kf3 Qc6+ 51. Re4 Qd7 52. g4 h5 53. gxh5 Qh3+ 54. Ke2 Qg2+ 55. Ke3 Qg3+ 56. Kd2 Qg2+ 57. Re2 Qg5+ 58. Kc2 Qg4 59. Red2 Qc4+ 60. Kb2 Qe6 61. d7 Qf6+ 62. Rd4 Qd8 63. Re2 1-0

[Event "Peter Stuart Memorial Open 2025"]
[Site "Takapuna, Auckland, New Zealan"]
[Date "2025.06.21"]
[Round "4.4"]
[White "Preeyansh Roul"]
[Black "Liu, William Rui"]
[Result "1/2-1/2"]
[WhiteElo "1937"]
[BlackElo "2031"]
[WhiteFideId "-1"]
[WhiteFideId "-1"]
[PlyCount "43"]
[GameId "2191043167576064"]
[EventDate "2025.??.??"]

1. d4 d5 2. c4 e6 3. Nf3 Nf6 4. Nc3 Bb4 5. cxd5 exd5 6. Bg5 h6 7. Bh4 O-O 8. e3 c6 9. Bd3 Bg4 10. h3 Bxf3 11. Qxf3 Nbd7 12. O-O Qc7 13. Rfc1 Qd8 14. Ne2 Be7 15. Ng3 g6 16. Qf4 Kg7 17. a3 a5 18. Rab1 a4 19. b4 axb3 20. Rxb3 Rxa3 21. Rcb1 Rxb3 22. Rxb3 1/2-1/2

[Event "Peter Stuart Memorial Open 2025"]
[Site "Takapuna, Auckland, New Zealan"]
[Date "2025.06.21"]
[Round "4.5"]
[White "Tew, Yao Zen Markis"]
[Black "Ha, Timothy Huy Minh"]
[Result "1/2-1/2"]
[WhiteElo "1936"]
[BlackElo "1746"]
[WhiteFideId "-1"]
[WhiteFideId "-1"]
[PlyCount "66"]
[GameId "2191043167580160"]
[EventDate "2025.??.??"]

1. d4 d5 2. c4 e6 3. Nc3 a6 4. cxd5 exd5 5. Bf4 Bb4 6. e3 c6 7. Bd3 Nf6 8. a3 Bd6 9. Nf3 Bg4 10. O-O O-O 11. h3 Bxf4 12. exf4 Bxf3 13. Qxf3 Nbd7 14. b4 b5 15. g4 Nb6 16. Rfd1 Ne8 17. Nb1 Nd6 18. Nd2 Nbc4 19. Nb3 Nb2 20. Re1 Nxd3 21. Qxd3 Qh4 22. Kg2 Ne4 23. Qf3 f5 24. g5 h6 25. gxh6 Qxh6 26. Rg1 Rf6 27. Kh2 Kf7 28. Rae1 Rh8 29. Re3 Qh4 30. Nc5 Nxf2 31. Qg3 Ng4+ 32. Kh1 Nf2+ 33. Kh2 Ng4+ 1/2-1/2

[Event "Peter Stuart Memorial Open 2025"]
[Site "Takapuna, Auckland, New Zealan"]
[Date "2025.06.21"]
[Round "4.6"]
[White "Jiang, Patrick Di"]
[Black "McLaren, Leonard J"]
[Result "1/2-1/2"]
[WhiteElo "1673"]
[BlackElo "2042"]
[WhiteFideId "-1"]
[WhiteFideId "-1"]
[PlyCount "167"]
[GameId "2191043167580160"]
[EventDate "2025.??.??"]

1. d4 Nf6 2. Nf3 e6 3. g3 b5 4. Bg2 Bb7 5. O-O Be7 6. Nbd2 O-O 7. c4 a6 8. b3 Ne4 9. Bb2 f5 10. Qc2 Bf6 11. Rfc1 Nxd2 12. Qxd2 d6 13. Rd1 Nd7 14. cxb5 axb5 15. Qb4 Rb8 16. Rac1 Bd5 17. Qd2 Nb6 18. Qc2 Rc8 19. Qd3 Qd7 20. Nd2 c5 21. Bxd5 exd5 22. Bc3 c4 23. Qf3 Ra8 24. Ra1 Kh8 25. Nf1 Qe6 26. bxc4 bxc4 27. Ne3 Bg5 28. Bd2 f4 29. Ng2 fxg3 30. Qxg3 Bf6 31. e3 Na4 32. Rdc1 Nb2 33. Nf4 Qf5 34. Qh3 Qxh3 35. Nxh3 Nd3 36. Rc2 Ra4 37. Bc3 Rfa8 38. Kg2 Kg8 39. Ng1 Kf7 40. Nf3 Ke6 41. Ne1 Nb4 42. Bxb4 Rxb4 43. Nf3 Bd8 44. Ng1 Ra3 45. Ne2 g5 46. Kg3 Rb7 47. Kg4 h5+ 48. Kg3 Ba5 49. h4 gxh4+ 50. Kxh4 Bd8+ 51. Kxh5 Rg7 52. Rg1 Rxg1 53. Nxg1 Kf5 54. Ne2 Ke4 55. Nf4 Ra7 56. Kg6 Bh4 57. Kh5 Rh7+ 58. Kg4 Bf6 59. Re2 Rg7+ 60. Kh5 Kf5 61. Kh6 Rg1 62. Kh7 Ke4 63. Nh3 Rh1 64. Kg6 Rxh3 65. Kxf6 Kd3 66. Re1 Rf3+ 67. Ke6 Kd2 68. Ra1 Rxf2 69. Kxd5 c3 70. e4 Re2 71. a4 c2 72. a5 c1=Q 73. Rxc1 Kxc1 74. a6 Ra2 75. Kxd6 Rxa6+ 76. Kc5 Kd2 77. d5 Ke3 78. d6 Kxe4 79. d7 Ra8 80. Kc6 Ke5 81. Kb7 Rh8 82. Kc7 Ke6 83. d8=Q Rxd8 84. Kxd8 1/2-1/2

[Event "Peter Stuart Memorial Open 2025"]
[Site "Takapuna, Auckland, New Zealan"]
[Date "2025.06.21"]
[Round "4.7"]
[White "Xu, Luna Yuexiu"]
[Black "Slater-Jones, Henry"]
[Result "0-1"]
[WhiteElo "1778"]
[BlackElo "1927"]
[WhiteFideId "-1"]
[WhiteFideId "-1"]
[PlyCount "29"]
[GameId "2191043167584256"]
[EventDate "2025.??.??"]

1. e4 e5 2. Nf3 Nf6 3. Nc3 Bb4 4. a3 Bxc3 5. dxc3 Nc6 6. Bg5 h6 7. Bxf6 Qxf6 8. Bd3 d6 9. Nd2 Be6 10. Qf3 Qg5 11. h3 a6 12. Nc4 Qf4 13. Qxf4 exf4 14. O-O-O Bxc4 15. Bxc4 0-1

[Event "Peter Stuart Memorial Open 2025"]
[Site "Takapuna, Auckland, New Zealan"]
[Date "2025.06.21"]
[Round "4.8"]
[White "Wright, Caleb"]
[Black "Xu, Jeremy Xi"]
[Result "0-1"]
[WhiteElo "1805"]
[BlackElo "1776"]
[WhiteFideId "-1"]
[WhiteFideId "-1"]
[PlyCount "53"]
[GameId "2191043167588352"]
[EventDate "2025.??.??"]

1. d4 d5 2. c4 c6 3. e3 e6 4. Nf3 Nf6 5. Nbd2 Nbd7 6. g3 Bd6 7. Bg2 O-O 8. b3 e5 9. dxe5 Nxe5 10. Qc2 dxc4 11. Nxc4 Bb4+ 12. Ke2 Nxc4 13. Qxc4 Qe7 14. Bd2 Bxd2 15. Nxd2 Be6 16. Qc2 Rfe8 17. Ne4 Bg4+ 18. f3 Bxf3+ 19. Bxf3 Nxe4 20. Bxe4 Qxe4 21. Qxe4 Rxe4 22. Kf3 Rae8 23. Rhe1 g6 24. Rad1 R8e7 25. Rd6 Kg7 26. h4 h5 27. Re2 0-1

[Event "Peter Stuart Memorial Open 2025"]
[Site "Takapuna, Auckland, New Zealan"]
[Date "2025.06.21"]
[Round "4.9"]
[White "Young, Cohen"]
[Black "Isaac, Ceferino"]
[Result "0-1"]
[WhiteElo "2060"]
[BlackElo "1769"]
[WhiteFideId "-1"]
[WhiteFideId "-1"]
[PlyCount "56"]
[GameId "2191043167588352"]
[EventDate "2025.??.??"]

1. e4 d6 2. d4 g6 3. Nc3 Bg7 4. f4 c6 5. Nf3 Nh6 6. Be3 Ng4 7. Bg1 Qa5 8. h3 Nf6 9. Qd2 O-O 10. Bh2 Qb6 11. O-O-O a5 12. e5 Nd5 13. Nxd5 cxd5 14. g4 Bh6 15. g5 Bg7 16. h4 Bf5 17. Bd3 Be4 18. Qe2 Qc6 19. h5 Rc8 20. Bg3 Nd7 21. hxg6 fxg6 22. Qh2 Nf8 23. Bxe4 dxe4 24. d5 Qa4 25. Nd4 Qxa2 26. c3 Ra6 27. Ne6 Rb6 28. Be1 Qa1+ 0-1

[Event "Peter Stuart Memorial Open 2025"]
[Site "Takapuna, Auckland, New Zealan"]
[Date "2025.06.21"]
[Round "4.10"]
[White "Piwari, Dylan Tama"]
[Black "Pei, Yanshuo"]
[Result "1-0"]
[WhiteElo "1966"]
[BlackElo "1727"]
[WhiteFideId "-1"]
[WhiteFideId "-1"]
[PlyCount "75"]
[GameId "2191043167588352"]
[EventDate "2025.??.??"]

1. c4 e6 2. d4 Nf6 3. Nf3 b6 4. g3 Bb7 5. Bg2 Be7 6. O-O O-O 7. Nc3 Ne4 8. d5 Nxc3 9. bxc3 Bf6 10. Qb3 exd5 11. cxd5 Na6 12. Ba3 Re8 13. Rfe1 d6 14. e4 Rb8 15. Rad1 Qd7 16. Qc2 Nc5 17. Bxc5 bxc5 18. Nd2 Ba6 19. f4 Bb5 20. Rb1 c4 21. Qc1 Ba6 22. Qa3 Rxb1 23. Rxb1 Qc8 24. h4 h6 25. Kh2 g5 26. hxg5 hxg5 27. fxg5 Bxg5 28. Nf3 Be3 29. Bh3 Bc5 30. Bxc8 Bxa3 31. Bxa6 Rxe4 32. Nd4 Bc5 33. Rb8+ Kg7 34. Bxc4 Bxd4 35. cxd4 Rxd4 36. Bb3 Kf6 37. Ra8 Kg5 38. Kh3 1-0

[Event "Peter Stuart Memorial Open 2025"]
[Site "Takapuna, Auckland, New Zealan"]
[Date "2025.06.21"]
[Round "4.11"]
[White "Wilson, Dion A"]
[Black "Liu, Brian"]
[Result "1-0"]
[WhiteElo "1904"]
[BlackElo "1725"]
[WhiteFideId "-1"]
[WhiteFideId "-1"]
[PlyCount "57"]
[GameId "2191043167592448"]
[EventDate "2025.??.??"]

1. e4 c6 2. d4 d5 3. e5 c5 4. dxc5 e6 5. a3 Bxc5 6. b4 Bf8 7. Nf3 f6 8. Bb2 Nc6 9. Bd3 Be7 10. O-O f5 11. Nbd2 g5 12. Re1 g4 13. Nd4 h5 14. Nb5 Nh6 15. c4 dxc4 16. Nxc4 Rg8 17. Ncd6+ Kf8 18. Qb3 Rg6 19. Rad1 Qb6 20. Nxc8 Rxc8 21. Bc4 Nd8 22. Nd6 Rc6 23. b5 Rc7 24. Bd4 Qa5 25. b6 Rd7 26. bxa7 Nc6 27. Bb6 Qxe1+ 28. Rxe1 Nxa7 29. Bxa7 1-0

[Event "Peter Stuart Memorial Open 2025"]
[Site "Takapuna, Auckland, New Zealan"]
[Date "2025.06.21"]
[Round "4.12"]
[White "Fabay, Jenre Angelo"]
[Black "Hettiarachchi, Buthsara"]
[Result "1/2-1/2"]
[WhiteElo "1697"]
[BlackElo "1850"]
[WhiteFideId "-1"]
[WhiteFideId "-1"]
[PlyCount "68"]
[GameId "2191043167592448"]
[EventDate "2025.??.??"]

1. e4 e6 2. d4 d5 3. exd5 exd5 4. Bd3 Bd6 5. Nf3 Ne7 6. O-O O-O 7. c3 Ng6 8. Qc2 c6 9. Re1 Qc7 10. Nbd2 Nd7 11. c4 dxc4 12. Nxc4 Bb4 13. Bd2 Bxd2 14. Ncxd2 Nf6 15. Ne5 Qd6 16. Ndf3 Be6 17. a3 Bd5 18. Nxg6 hxg6 19. Ne5 Rad8 20. Rad1 Nd7 21. Bc4 Bxc4 22. Nxc4 Qf6 23. d5 c5 24. Qb3 Nb6 25. h3 Nxc4 26. Qxc4 b6 27. b4 cxb4 28. axb4 Rd7 29. Qc6 Rd6 30. Qc7 Rfd8 31. Qxa7 Rxd5 32. Rxd5 Rxd5 33. Qa8+ Rd8 34. Qa7 Rd5 1/2-1/2

[Event "Peter Stuart Memorial Open 2025"]
[Site "Takapuna, Auckland, New Zealan"]
[Date "2025.06.21"]
[Round "4.13"]
[White "Braganza, Nadia"]
[Black "Truong, Minh Nhat (sunny)"]
[Result "1/2-1/2"]
[WhiteElo "1818"]
[BlackElo "1613"]
[WhiteFideId "-1"]
[WhiteFideId "-1"]
[PlyCount "126"]
[GameId "2191043167592448"]
[EventDate "2025.??.??"]

1. c4 c5 2. Nc3 Nf6 3. Nf3 Nc6 4. g3 g6 5. Bg2 Bg7 6. O-O O-O 7. d4 cxd4 8. Nxd4 e5 9. Ndb5 Qe7 10. Bg5 Qc5 11. Bxf6 Bxf6 12. Ne4 Qe7 13. Nc7 Rb8 14. Nd5 Qd8 15. Nexf6+ Kg7 16. Qd2 Ne7 17. Nxe7 Qxe7 18. Nd5 Qc5 19. Rac1 d6 20. b4 Qd4 21. Qxd4 exd4 22. Rfd1 Be6 23. Rxd4 b5 24. cxb5 Rxb5 25. Nc7 Re5 26. Nxe6+ Rxe6 27. e3 Rb8 28. Rc7 a6 29. Bd5 Rf6 30. Rf4 Rxf4 31. gxf4 Rxb4 32. Rxf7+ Kh8 33. e4 Rd4 34. Rd7 a5 35. e5 Rxd5 36. e6 Rd1+ 37. Kg2 Re1 38. e7 Kg8 39. Rxd6 Rxe7 40. Ra6 Re4 41. Rxa5 Rxf4 42. Re5 Ra4 43. Re2 Ra3 44. f3 Kf7 45. Kg3 Kf6 46. Kf4 Ra4+ 47. Ke3 Kf5 48. Kd3 Ra3+ 49. Kc4 Rxf3 50. a4 Ra3 51. Kb4 Ra1 52. a5 h5 53. Kb5 g5 54. Rf2+ Kg4 55. Rg2+ Kf4 56. a6 g4 57. Kb6 h4 58. a7 g3 59. hxg3+ hxg3 60. Kb7 Kf3 61. Rb2 Rxa7+ 62. Kxa7 g2 63. Rxg2 Kxg2 1/2-1/2

[Event "Peter Stuart Memorial Open 2025"]
[Site "Takapuna, Auckland, New Zealan"]
[Date "2025.06.21"]
[Round "4.14"]
[White "Kerr, Grant"]
[Black "Johns, Daniel P"]
[Result "0-1"]
[WhiteElo "1782"]
[BlackElo "1673"]
[WhiteFideId "-1"]
[WhiteFideId "-1"]
[PlyCount "92"]
[GameId "2191043167596544"]
[EventDate "2025.??.??"]

1. e4 e5 2. Nf3 Nc6 3. Bc4 Bc5 4. c3 Nf6 5. d4 exd4 6. b4 Bb6 7. e5 Ne4 8. Bd5 Nxc3 9. Nxc3 dxc3 10. Bg5 Ne7 11. O-O O-O 12. Re1 h6 13. Bh4 Qe8 14. Bc4 Nf5 15. Qd3 Nxh4 16. Nxh4 Kh8 17. Qxc3 Qe7 18. Nf3 a5 19. a3 axb4 20. axb4 Rxa1 21. Rxa1 d6 22. Re1 Be6 23. h3 Qd7 24. exd6 Qxd6 25. Bxe6 fxe6 26. Qe5 Qxe5 27. Rxe5 Re8 28. Kf1 Kg8 29. Re4 c6 30. Ne5 Bc7 31. f3 Bxe5 32. Rxe5 Kf7 33. Ke2 Rd8 34. b5 Rd5 35. Rxd5 exd5 36. bxc6 bxc6 37. Kd3 c5 38. f4 Kf6 39. g4 g6 40. Ke3 Ke6 41. Kd3 d4 42. Ke4 h5 43. f5+ gxf5+ 44. gxf5+ Kf6 45. h4 d3 46. Kxd3 Kxf5 0-1

[Event "Peter Stuart Memorial Open 2025"]
[Site "Takapuna, Auckland, New Zealan"]
[Date "2025.06.21"]
[Round "4.15"]
[White "Sun, Oliver"]
[Black "Zhou, Martin"]
[Result "1-0"]
[WhiteElo "1712"]
[BlackElo "1654"]
[WhiteFideId "-1"]
[WhiteFideId "-1"]
[PlyCount "55"]
[GameId "2191043167596544"]
[EventDate "2025.??.??"]

1. d4 Nf6 2. c4 e6 3. Nc3 Bb4 4. Qc2 O-O 5. Bg5 h6 6. Bh4 d5 7. e3 b6 8. cxd5 exd5 9. Bd3 Bb7 10. a3 Bxc3+ 11. Qxc3 Nbd7 12. Nf3 c5 13. dxc5 bxc5 14. O-O Qc7 15. Bg3 Qb6 16. Rac1 Rac8 17. Rfd1 Rfd8 18. h3 Nf8 19. Bf5 Ne6 20. Bh4 d4 21. Qd2 Bxf3 22. gxf3 g5 23. Bg3 dxe3 24. Qxe3 Nd5 25. Qe5 Nd4 26. Rxd4 cxd4 27. Rxc8 Rxc8 28. Bxc8 1-0

[Event "Peter Stuart Memorial Open 2025"]
[Site "Takapuna, Auckland, New Zealan"]
[Date "2025.06.21"]
[Round "4.16"]
[White "Hwang, Ryan"]
[Black "Wang, Cyrus"]
[Result "1-0"]
[WhiteElo "1685"]
[BlackElo "1636"]
[WhiteFideId "-1"]
[WhiteFideId "-1"]
[PlyCount "43"]
[GameId "2191043167600640"]
[EventDate "2025.??.??"]

1. e4 c5 2. Nf3 d6 3. d4 cxd4 4. Nxd4 Nf6 5. Nc3 g6 6. Be2 Bg7 7. Be3 O-O 8. Qd2 Nc6 9. Nb3 Ng4 10. Bxg4 Bxg4 11. h3 Bd7 12. Bh6 Rc8 13. h4 a6 14. h5 b5 15. Bxg7 Kxg7 16. hxg6 fxg6 17. Qh6+ Kf6 18. Nd5+ Ke5 19. Qg5+ Ke6 20. Rxh7 Rh8 21. Qxg6+ Ke5 22. f4# 1-0

[Event "Peter Stuart Memorial Open 2025"]
[Site "Takapuna, Auckland, New Zealan"]
[Date "2025.06.21"]
[Round "4.17"]
[White "Aidan Prince"]
[Black "Sussex, Taylor"]
[Result "0-1"]
[WhiteElo "1663"]
[BlackElo "1606"]
[WhiteFideId "-1"]
[WhiteFideId "-1"]
[PlyCount "72"]
[GameId "2191043167600640"]
[EventDate "2025.??.??"]

1. d4 d5 2. Nf3 Nf6 3. Bf4 c5 4. e3 Nc6 5. Nbd2 Bg4 6. c3 e6 7. h3 Bh5 8. Qb3 Qc8 9. Ne5 Be7 10. Nxc6 bxc6 11. c4 cxd4 12. exd4 O-O 13. Bd3 c5 14. dxc5 dxc4 15. Nxc4 Qxc5 16. O-O Rfd8 17. Rfe1 Qd4 18. Bc7 Rd7 19. Qb7 Qd5 20. Qxd5 exd5 21. Bf4 dxc4 22. Bxc4 Bb4 23. Rec1 Bd2 24. Bxd2 Rxd2 25. Bb3 Rad8 26. Rc7 Rxb2 27. f4 Bg6 28. Re1 h6 29. f5 Bxf5 30. Bxf7+ Kh7 31. Bc4 Rdd2 32. Ree7 Rxg2+ 33. Kf1 Bxh3 34. Re3 Rg3+ 35. Ke1 Rg1+ 36. Bf1 Rxf1# 0-1

[Event "Peter Stuart Memorial Open 2025"]
[Site "Takapuna, Auckland, New Zealan"]
[Date "2025.06.21"]
[Round "4.18"]
[White "Hall, John Robert"]
[Black "Wang, Leon"]
[Result "0-1"]
[WhiteElo "1775"]
[BlackElo "1594"]
[WhiteFideId "-1"]
[WhiteFideId "-1"]
[PlyCount "98"]
[GameId "2191043167600640"]
[EventDate "2025.??.??"]

1. e4 e5 2. Nf3 Nc6 3. Bb5 a6 4. Ba4 Nf6 5. d3 Bc5 6. O-O b5 7. Bb3 d6 8. Bg5 O-O 9. c3 Be6 10. Bxe6 fxe6 11. b4 Bb6 12. a4 Ne7 13. Nbd2 h6 14. Be3 Bxe3 15. fxe3 Ng4 16. Qe2 Ng6 17. h3 Nf6 18. d4 exd4 19. exd4 Nh5 20. Kh2 Nhf4 21. Qe3 Qe7 22. g3 Nh5 23. e5 dxe5 24. dxe5 Rad8 25. Qe4 Qe8 26. axb5 Qxb5 27. Rf2 Qd3 28. Qxd3 Rxd3 29. Rxa6 Rxc3 30. Rxe6 Nh8 31. Kg2 g6 32. Ne4 Rc4 33. Re7 Rxe4 34. Rxc7 Rxb4 35. Re2 Rb3 36. Nd4 Rxg3+ 37. Kh2 Rd3 38. Ne6 Re8 39. Nc5 Rd5 40. e6 Nf4 41. Re4 g5 42. Nd7 Rd2+ 43. Kh1 Rxe6 44. Rxe6 Nxe6 45. Rc8+ Kg7 46. Ne5 Ng6 47. Rc6 Nxe5 48. Rxe6 Nf3 49. Re3 Rh2# 0-1

[Event "Peter Stuart Memorial Open 2025"]
[Site "Takapuna, Auckland, New Zealan"]
[Date "2025.06.21"]
[Round "4.19"]
[White "Nazeer, Afique M"]
[Black "Ng, Lok Jim (Lauren)"]
[Result "1-0"]
[WhiteElo "1610"]
[BlackElo "1692"]
[WhiteFideId "-1"]
[WhiteFideId "-1"]
[PlyCount "85"]
[GameId "2191043167604736"]
[EventDate "2025.??.??"]

1. d4 Nf6 2. c4 g6 3. Nc3 Bg7 4. e4 d6 5. h3 O-O 6. Nf3 e5 7. dxe5 dxe5 8. Qc2 Nc6 9. Be3 Be6 10. Rd1 Qe7 11. Nd5 Bxd5 12. exd5 Nb8 13. Be2 Nbd7 14. O-O b6 15. Nh2 a5 16. f4 e4 17. f5 Nc5 18. Rf2 Nfd7 19. Ng4 f6 20. fxg6 hxg6 21. Bf4 Ne5 22. Bxe5 fxe5 23. Rdf1 Rxf2 24. Rxf2 Rf8 25. a3 Rxf2 26. Nxf2 e3 27. Ng4 Qg5 28. b4 axb4 29. axb4 Nd7 30. c5 bxc5 31. bxc5 Nf6 32. d6 cxd6 33. c6 Ne8 34. c7 Nxc7 35. Qxc7 d5 36. Qc8+ Kh7 37. Qe6 d4 38. Bc4 Qd8 39. Nxe5 Bxe5 40. Qxe5 Qb6 41. Bd3 Kh6 42. Qh8+ Kg5 43. g3 1-0

[Event "Peter Stuart Memorial Open 2025"]
[Site "Takapuna, Auckland, New Zealan"]
[Date "2025.06.21"]
[Round "4.20"]
[White "Nimmakayala, Srirama Vikhyath"]
[Black "Barry, Jacob"]
[Result "1-0"]
[WhiteElo "1675"]
[BlackElo "1606"]
[WhiteFideId "-1"]
[WhiteFideId "-1"]
[PlyCount "53"]
[GameId "2191043167604736"]
[EventDate "2025.??.??"]

1. d4 Nf6 2. c4 e6 3. Nc3 d5 4. f3 Bb4 5. a3 Bxc3+ 6. bxc3 O-O 7. cxd5 exd5 8. e3 c5 9. Bd3 c4 10. Bc2 Re8 11. Ne2 Nbd7 12. O-O Nf8 13. Ng3 Ng6 14. e4 dxe4 15. fxe4 b5 16. Bg5 Qb6 17. Bxf6 gxf6 18. Qf3 Re6 19. Kh1 Bb7 20. Nh5 Kh8 21. Nxf6 Nh4 22. Qf2 Ng6 23. Rae1 Rd8 24. Re3 Rdd6 25. e5 Rxf6 26. exf6 Rd8 27. Bxg6 1-0

[Event "Peter Stuart Memorial Open 2025"]
[Site "Takapuna, Auckland, New Zealan"]
[Date "2025.06.21"]
[Round "4.21"]
[White "Fang, Maximilian"]
[Black "Li, Olivia"]
[Result "1-0"]
[WhiteElo "1699"]
[BlackElo "1781"]
[WhiteFideId "-1"]
[WhiteFideId "-1"]
[PlyCount "101"]
[GameId "2203356694188668"]
[EventDate "2025.??.??"]

1. e4 e5 2. Nc3 Nf6 3. f4 d5 4. fxe5 Nxe4 5. Qf3 Nxc3 6. dxc3 Nc6 7. Bb5 Be6 8. Bf4 a6 9. Bd3 Be7 10. Ne2 Qd7 11. h3 h6 12. Nd4 Nxd4 13. cxd4 O-O-O 14. O-O-O Rhf8 15. Rhf1 f6 16. Qe2 fxe5 17. Bxe5 Bd6 18. Rxf8 Bxf8 19. Bxa6 Qa4 20. Bd3 Qxa2 21. Bxg7 Qa1+ 22. Kd2 Bb4+ 23. Ke3 Qxb2 24. Qh5 Bf8 25. Qxh6 Bxg7 26. Qxg7 Re8 27. Kf2 Qa3 28. Re1 Rf8+ 29. Kg1 Rg8 30. Qh7 Qd6 31. Bf5 Kb8 32. Bxe6 Re8 33. Qg6 Qc6 34. Re5 b6 35. Bf7 Qxg6 36. Rxe8+ Kb7 37. Bxg6 c5 38. h4 cxd4 39. h5 d3 40. Bxd3 Kc7 41. h6 Kd7 42. Bg6 d4 43. h7 d3 44. cxd3 Kd6 45. h8=Q b5 46. Qe5+ Kd7 47. Bf5+ Kc6 48. Rc8+ Kb6 49. Qc5+ Ka6 50. Ra8+ Kb7 51. Be4# 1-0

[Event "Peter Stuart Memorial Open 2025"]
[Site "Takapuna, Auckland, New Zealan"]
[Date "2025.06.17"]
[Round "5.1"]
[White "Xie, Felix"]
[Black "Yu, Zachary"]
[Result "1-0"]
[WhiteElo "2366"]
[BlackElo "2035"]
[WhiteFideId "-1"]
[WhiteFideId "-1"]
[PlyCount "59"]
[GameId "2189708842065920"]
[EventDate "2025.??.??"]

1. Nf3 Nf6 2. b3 d5 3. Bb2 c5 4. e3 Nc6 5. Bb5 Bd7 6. O-O e6 7. d4 cxd4 8. exd4 Bd6 9. Bd3 O-O 10. Nbd2 Rc8 11. c4 dxc4 12. bxc4 b6 13. a3 Ne7 14. Re1 Ng6 15. g3 Bc6 16. Qe2 Be7 17. d5 exd5 18. Bxg6 hxg6 19. Qxe7 dxc4 20. Qxd8 Rfxd8 21. Nd4 Bb7 22. Rac1 Bd5 23. f3 Nd7 24. Bc3 Nc5 25. Re7 Nd3 26. Rb1 Ra8 27. Nb5 a5 28. Nc7 Rab8 29. Nxd5 Rxd5 30. Nxc4 1-0